000
00209nam a22000857a 4500
001
1235319
005
20250930123411.0
245
_a
DUR BAKALIM PETEK
_c
NECATİ TOSUNER
260
_b
GÜNIŞIĞI KİTAPLIĞI YAYINLARI
999
_c
1235319
_d
1235319